Trouvez trois pays fusionnés en une minute - Statistiques

Statistiques générales
  • Ce quiz a été pris 745 fois
  • Le résultat moyen est 4 sur 6
Réponses sur la Carte
Les réponses sont colorées sur une échelle allant du rouge au vert en fonction du pourcentage des utilisateurs qui les ont devinées à leur premier essai. Vous pouvez retrouver ces pourcentages ci-dessous.
 
Statistiques - réponses
Nom du groupe Pays % Correct
Pays fusionnés Algérie
100%
Pays fusionnés Algérie
100%
Pays fusionnés Allemagne
100%
Pays fusionnés Allemagne
100%
Pays fusionnés Allemagne
100%
Pays fusionnés Allemagne
100%
Pays fusionnés Angola
100%
Pays fusionnés Angola
100%
Pays fusionnés Argentine
100%
Pays fusionnés Argentine
100%
Pays fusionnés Argentine
100%
Pays fusionnés Argentine
100%
Pays fusionnés Autriche
100%
Pays fusionnés Belgique
100%
Pays fusionnés Bolivie
100%
Pays fusionnés Botswana
100%
Pays fusionnés Brésil
100%
Pays fusionnés Brésil
100%
Pays fusionnés Brésil
100%
Pays fusionnés Brésil
100%
Pays fusionnés Brésil
100%
Pays fusionnés Chili
100%
Pays fusionnés Chine
100%
Pays fusionnés Chine
100%
Pays fusionnés Colombie
100%
Pays fusionnés Égypte
100%
Pays fusionnés Espagne
100%
Pays fusionnés Éthiopie
100%
Pays fusionnés France
100%
Pays fusionnés France
100%
Pays fusionnés France
100%
Pays fusionnés Guatemala
100%
Pays fusionnés Inde
100%
Pays fusionnés Italie
100%
Pays fusionnés Kazakhstan
100%
Pays fusionnés Kenya
100%
Pays fusionnés Libye
100%
Pays fusionnés Libye
100%
Pays fusionnés Libye
100%
Pays fusionnés Libye
100%
Pays fusionnés Libye
100%
Pays fusionnés Mali
100%
Pays fusionnés Maroc
100%
Pays fusionnés Mauritanie
100%
Pays fusionnés Mexique
100%
Pays fusionnés Namibie
100%
Pays fusionnés Paraguay
100%
Pays fusionnés Pérou
100%
Pays fusionnés Pologne
100%
Pays fusionnés République Centrafricaine
100%
Pays fusionnés République démocratique du Congo
100%
Pays fusionnés République démocratique du Congo
100%
Pays fusionnés République démocratique du Congo
100%
Pays fusionnés République démocratique du Congo
100%
Pays fusionnés République démocratique du Congo
100%
Pays fusionnés République du Congo
100%
Pays fusionnés République du Congo
100%
Pays fusionnés République tchèque
100%
Pays fusionnés Roumanie
100%
Pays fusionnés Russie
100%
Pays fusionnés Russie
100%
Pays fusionnés Serbie
100%
Pays fusionnés Soudan
100%
Pays fusionnés Soudan
100%
Pays fusionnés Soudan
100%
Pays fusionnés Soudan du Sud
100%
Pays fusionnés Suisse
100%
Pays fusionnés Tadjikistan
100%
Pays fusionnés Tadjikistan
100%
Pays fusionnés Tanzanie
100%
Pays fusionnés Tchad
100%
Pays fusionnés Ukraine
100%
Pays fusionnés Ukraine
100%
Pays fusionnés Venezuela
100%
Pays fusionnés Zambie
100%
Pays fusionnés Zambie
100%
Pays fusionnés Zambie
100%
Pays fusionnés Zimbabwe
100%
Pays fusionnés Canada
92%
Pays fusionnés Etats-Unis
92%
Pays fusionnés Colombie
91%
Pays fusionnés Égypte
91%
Pays fusionnés France
91%
Pays fusionnés Soudan
91%
Pays fusionnés Chine
90%
Pays fusionnés Espagne
90%
Pays fusionnés Portugal
90%
Pays fusionnés République démocratique du Congo
90%
Pays fusionnés Soudan
90%
Pays fusionnés Tchad
90%
Pays fusionnés Pologne
89%
Pays fusionnés Ukraine
89%
Pays fusionnés Algérie
88%
Pays fusionnés Mauritanie
88%
Pays fusionnés Bosnie-Herzégovine
86%
Pays fusionnés Brésil
86%
Pays fusionnés Éthiopie
86%
Pays fusionnés Paraguay
86%
Pays fusionnés Pays-Bas
86%
Pays fusionnés Serbie
86%
Pays fusionnés Soudan
86%
Pays fusionnés Tchad
86%
Pays fusionnés Afghanistan
83%
Pays fusionnés Afrique du Sud
83%
Pays fusionnés Algérie
83%
Pays fusionnés Bolivie
83%
Pays fusionnés Brésil
83%
Pays fusionnés Cameroun
83%
Pays fusionnés Finlande
83%
Pays fusionnés Indonésie
83%
Pays fusionnés Iran
83%
Pays fusionnés Irlande
83%
Pays fusionnés Kazakhstan
83%
Pays fusionnés Mali
83%
Pays fusionnés Niger
83%
Pays fusionnés Nigeria
83%
Pays fusionnés Ouzbékistan
83%
Pays fusionnés Papouasie-Nouvelle- Guinée
83%
Pays fusionnés Roumanie
83%
Pays fusionnés Royaume-Uni
83%
Pays fusionnés Russie
83%
Pays fusionnés Suède
83%
Pays fusionnés Tchad
83%
Pays fusionnés Turquie
83%
Pays fusionnés Italie
82%
Pays fusionnés Pérou
82%
Pays fusionnés Autriche
80%
Pays fusionnés Honduras
80%
Pays fusionnés Lettonie
80%
Pays fusionnés Mauritanie
80%
Pays fusionnés Mongolie
80%
Pays fusionnés Nicaragua
80%
Pays fusionnés Ouganda
80%
Pays fusionnés Pologne
80%
Pays fusionnés République tchèque
80%
Pays fusionnés Russie
80%
Pays fusionnés Russie
80%
Pays fusionnés Sénégal
80%
Pays fusionnés Slovénie
80%
Pays fusionnés Soudan du Sud
80%
Pays fusionnés Soudan du Sud
80%
Pays fusionnés Biélorussie
78%
Pays fusionnés Birmanie
78%
Pays fusionnés Etats-Unis
78%
Pays fusionnés Mexique
78%
Pays fusionnés Pologne
78%
Pays fusionnés Thaïlande
78%
Pays fusionnés Autriche
75%
Pays fusionnés Autriche
75%
Pays fusionnés Burkina Faso
75%
Pays fusionnés Chine
75%
Pays fusionnés Équateur
75%
Pays fusionnés Éthiopie
75%
Pays fusionnés Hongrie
75%
Pays fusionnés Irak
75%
Pays fusionnés Iran
75%
Pays fusionnés Italie
75%
Pays fusionnés Kenya
75%
Pays fusionnés Mali
75%
Pays fusionnés Mali
75%
Pays fusionnés Mongolie
75%
Pays fusionnés Niger
75%
Pays fusionnés Pérou
75%
Pays fusionnés République Centrafricaine
75%
Pays fusionnés Algérie
73%
Pays fusionnés Azerbaïdjan
73%
Pays fusionnés Niger
73%
Pays fusionnés Autriche
71%
Pays fusionnés Belgique
71%
Pays fusionnés Biélorussie
71%
Pays fusionnés Bulgarie
71%
Pays fusionnés Colombie
71%
Pays fusionnés République tchèque
71%
Pays fusionnés Roumanie
71%
Pays fusionnés Ukraine
71%
Pays fusionnés Venezuela
71%
Pays fusionnés Afrique du Sud
67%
Pays fusionnés Allemagne
67%
Pays fusionnés Angola
67%
Pays fusionnés Brésil
67%
Pays fusionnés Burkina Faso
67%
Pays fusionnés Cameroun
67%
Pays fusionnés Chine
67%
Pays fusionnés Chine
67%
Pays fusionnés Chine
67%
Pays fusionnés Côte d'Ivoire
67%
Pays fusionnés Géorgie
67%
Pays fusionnés Géorgie
67%
Pays fusionnés Iran
67%
Pays fusionnés Libye
67%
Pays fusionnés Maroc
67%
Pays fusionnés Mauritanie
67%
Pays fusionnés Namibie
67%
Pays fusionnés Népal
67%
Pays fusionnés Nigeria
67%
Pays fusionnés Norvège
67%
Pays fusionnés République Centrafricaine
67%
Pays fusionnés Russie
67%
Pays fusionnés Suède
67%
Pays fusionnés Suisse
67%
Pays fusionnés Tunisie
67%
Pays fusionnés Turquie
67%
Pays fusionnés Uruguay
67%
Pays fusionnés Russie
64%
Pays fusionnés Bulgarie
63%
Pays fusionnés Éthiopie
63%
Pays fusionnés Gabon
63%
Pays fusionnés Serbie
63%
Pays fusionnés Somalie
63%
Pays fusionnés Croatie
60%
Pays fusionnés Érythrée
60%
Pays fusionnés Hongrie
60%
Pays fusionnés Iran
60%
Pays fusionnés Mali
60%
Pays fusionnés Pakistan
60%
Pays fusionnés République Centrafricaine
60%
Pays fusionnés Soudan
60%
Pays fusionnés Suriname
60%
Pays fusionnés Arabie Saoudite
57%
Pays fusionnés Kenya
57%
Pays fusionnés Somalie
57%
Pays fusionnés Yémen
57%
Pays fusionnés Uruguay
56%
Pays fusionnés Afghanistan
50%
Pays fusionnés Afghanistan
50%
Pays fusionnés Arabie Saoudite
50%
Pays fusionnés Arabie Saoudite
50%
Pays fusionnés Bénin
50%
Pays fusionnés Biélorussie
50%
Pays fusionnés Birmanie
50%
Pays fusionnés Bosnie-Herzégovine
50%
Pays fusionnés Botswana
50%
Pays fusionnés Burkina Faso
50%
Pays fusionnés Cameroun
50%
Pays fusionnés Cameroun
50%
Pays fusionnés Chili
50%
Pays fusionnés Chine
50%
Pays fusionnés Chine
50%
Pays fusionnés Colombie
50%
Pays fusionnés Corée du Nord
50%
Pays fusionnés Côte d'Ivoire
50%
Pays fusionnés Croatie
50%
Pays fusionnés Équateur
50%
Pays fusionnés Estonie
50%
Pays fusionnés Hongrie
50%
Pays fusionnés Irak
50%
Pays fusionnés Irak
50%
Pays fusionnés Iran
50%
Pays fusionnés Jordanie
50%
Pays fusionnés Kenya
50%
Pays fusionnés Laos
50%
Pays fusionnés Laos
50%
Pays fusionnés Lettonie
50%
Pays fusionnés Lettonie
50%
Pays fusionnés Lettonie
50%
Pays fusionnés Lituanie
50%
Pays fusionnés Mali
50%
Pays fusionnés Mali
50%
Pays fusionnés Mozambique
50%
Pays fusionnés Mozambique
50%
Pays fusionnés Namibie
50%
Pays fusionnés Niger
50%
Pays fusionnés Niger
50%
Pays fusionnés Oman
50%
Pays fusionnés Oman
50%
Pays fusionnés Pakistan
50%
Pays fusionnés Pakistan
50%
Pays fusionnés Pologne
50%
Pays fusionnés République Centrafricaine
50%
Pays fusionnés République du Congo
50%
Pays fusionnés Russie
50%
Pays fusionnés Sénégal
50%
Pays fusionnés Slovaquie
50%
Pays fusionnés Slovaquie
50%
Pays fusionnés Syrie
50%
Pays fusionnés Tanzanie
50%
Pays fusionnés Togo
50%
Pays fusionnés Turquie
50%
Pays fusionnés Viêt Nam
50%
Pays fusionnés Yémen
50%
Pays fusionnés Zambie
50%
Pays fusionnés Botswana
45%
Pays fusionnés Zimbabwe
45%
Pays fusionnés Argentine
44%
Pays fusionnés Bolivie
44%
Pays fusionnés Pérou
44%
Pays fusionnés Chine
43%
Pays fusionnés Chine
43%
Pays fusionnés Finlande
43%
Pays fusionnés Norvège
43%
Pays fusionnés Roumanie
43%
Pays fusionnés Afrique du Sud
40%
Pays fusionnés Albanie
40%
Pays fusionnés Azerbaïdjan
40%
Pays fusionnés Bangladesh
40%
Pays fusionnés Birmanie
40%
Pays fusionnés Corée du Nord
40%
Pays fusionnés Corée du Sud
40%
Pays fusionnés Grèce
40%
Pays fusionnés Inde
40%
Pays fusionnés Inde
40%
Pays fusionnés Iran
40%
Pays fusionnés Mozambique
40%
Pays fusionnés Zimbabwe
40%
Pays fusionnés Russie
38%
Pays fusionnés Viêt Nam
38%
Pays fusionnés Allemagne
33%
Pays fusionnés Arabie Saoudite
33%
Pays fusionnés Biélorussie
33%
Pays fusionnés Bolivie
33%
Pays fusionnés Cambodge
33%
Pays fusionnés Côte d'Ivoire
33%
Pays fusionnés Côte d'Ivoire
33%
Pays fusionnés France
33%
Pays fusionnés Ghana
33%
Pays fusionnés Grèce
33%
Pays fusionnés Guinée
33%
Pays fusionnés Guinée
33%
Pays fusionnés Hongrie
33%
Pays fusionnés Inde
33%
Pays fusionnés Inde
33%
Pays fusionnés Jordanie
33%
Pays fusionnés Kazakhstan
33%
Pays fusionnés Kazakhstan
33%
Pays fusionnés Laos
33%
Pays fusionnés Laos
33%
Pays fusionnés Macédoine du Nord
33%
Pays fusionnés Malawi
33%
Pays fusionnés Mozambique
33%
Pays fusionnés Népal
33%
Pays fusionnés Niger
33%
Pays fusionnés Ouzbékistan
33%
Pays fusionnés Pays-Bas
33%
Pays fusionnés République Centrafricaine
33%
Pays fusionnés Roumanie
33%
Pays fusionnés Sénégal
33%
Pays fusionnés Suisse
33%
Pays fusionnés Syrie
33%
Pays fusionnés Tchad
33%
Pays fusionnés Turquie
33%
Pays fusionnés Kirghizistan
30%
Pays fusionnés Tadjikistan
30%
Pays fusionnés Brésil
29%
Pays fusionnés Kirghizistan
29%
Pays fusionnés Moldavie
29%
Pays fusionnés Tadjikistan
29%
Pays fusionnés Afrique du Sud
25%
Pays fusionnés Arabie Saoudite
25%
Pays fusionnés Bénin
25%
Pays fusionnés Bhoutan
25%
Pays fusionnés Biélorussie
25%
Pays fusionnés Chine
25%
Pays fusionnés Émirats arabes unis
25%
Pays fusionnés Érythrée
25%
Pays fusionnés Éthiopie
25%
Pays fusionnés Finlande
25%
Pays fusionnés Guinée
25%
Pays fusionnés Moldavie
25%
Pays fusionnés Mozambique
25%
Pays fusionnés Nigeria
25%
Pays fusionnés Ouzbékistan
25%
Pays fusionnés Turkménistan
25%
Pays fusionnés Ukraine
25%
Pays fusionnés Bhoutan
20%
Pays fusionnés Burkina Faso
20%
Pays fusionnés Ghana
20%
Pays fusionnés Inde
20%
Pays fusionnés Irak
20%
Pays fusionnés Jordanie
20%
Pays fusionnés Lesotho
20%
Pays fusionnés Liberia
20%
Pays fusionnés République tchèque
20%
Pays fusionnés Sierra Leone
20%
Pays fusionnés Slovaquie
20%
Pays fusionnés Afghanistan
17%
Pays fusionnés Albanie
17%
Pays fusionnés Côte d'Ivoire
17%
Pays fusionnés Émirats arabes unis
17%
Pays fusionnés Guatemala
17%
Pays fusionnés Honduras
17%
Pays fusionnés Irak
17%
Pays fusionnés Kirghizistan
17%
Pays fusionnés Liberia
17%
Pays fusionnés Macédoine du Nord
17%
Pays fusionnés Oman
17%
Pays fusionnés Syrie
17%
Pays fusionnés Turkménistan
17%
Pays fusionnés Turkménistan
17%
Pays fusionnés Guyana
14%
Pays fusionnés Laos
14%
Pays fusionnés Thaïlande
14%
Pays fusionnés Algérie
0%
Pays fusionnés Arménie
0%
Pays fusionnés Birmanie
0%
Pays fusionnés Bolivie
0%
Pays fusionnés Cambodge
0%
Pays fusionnés Cambodge
0%
Pays fusionnés Chine
0%
Pays fusionnés Estonie
0%
Pays fusionnés Ghana
0%
Pays fusionnés Guinée
0%
Pays fusionnés Guinée
0%
Pays fusionnés Guyana
0%
Pays fusionnés Guyana
0%
Pays fusionnés Haïti
0%
Pays fusionnés Indonésie
0%
Pays fusionnés Liberia
0%
Pays fusionnés Lituanie
0%
Pays fusionnés Malaisie
0%
Pays fusionnés Malaisie
0%
Pays fusionnés Ouganda
0%
Pays fusionnés Ouganda
0%
Pays fusionnés Pakistan
0%
Pays fusionnés Paraguay
0%
Pays fusionnés République dominicaine
0%
Pays fusionnés République du Congo
0%
Pays fusionnés Russie
0%
Pays fusionnés Sierra Leone
0%
Pays fusionnés Soudan du Sud
0%
Pays fusionnés Soudan du Sud
0%
Pays fusionnés Suriname
0%
Pays fusionnés Thaïlande
0%
Pays fusionnés Thaïlande
0%
Pays fusionnés Togo
0%
Pays fusionnés Tunisie
0%
Pays fusionnés Turquie
0%
Pays fusionnés Venezuela
0%
Pays fusionnés Viêt Nam
0%
Aucun quiz correspondant
Distribution des résultats
% des personnes avec chaque résultat
Percentile par nombre de réponses
Votre historique - résultats
Vous n’avez pas pris ce quiz